British Prime Ministers by Anagram - Statistics

General Stats
  • This quiz has been taken 14 times
  • The average score is 6 of 16
Answer Stats
Hint Answer % Correct
zit slurs Liz Truss
100%
art by loin Tony Blair
83%
rim streaker Keir Starmer
80%
raisin husk Rishi Sunak
67%
replete bro Robert Peel
67%
shorn ion jobs Boris Johnson
60%
hajj moron John Major
60%
random advice David Cameron
50%
thaw redhead Edward Heath
50%
vile balmier channel Neville Chamberlain
50%
cattle element Clement Attlee
44%
worn bong rod Gordon Brown
43%
hay steamer Theresa May
43%
artful harbour Arthur Balfour
40%
rather attach germ Margaret Thatcher
40%
ninja bailed miser Benjamin Disraeli
33%
hollow drains Harold Wilson
33%
calm ganja shale James Callaghan
33%
preps clever acne Spencer Perceval
25%
thin clownish curl Winston Churchill
25%
claim random hall Harold Macmillan
17%
dandy ammo rascal Ramsay Macdonald
14%
age holds leucoma Alec Douglas-Home
0%
wannabe warlord Andrew Bonar Law
0%
tanned honey Anthony Eden
0%
oddly olive dagger David Lloyd George
0%
aging corn gene George Canning
0%
non dyring death Henry Addington
0%
beware trollop Robert Walpole
0%
inland beltways Stanley Baldwin
0%
No matching quizzes found
Score Distribution
Percent of People with Each Score
Percentile by Number Answered
Your Score History
You have not taken this quiz